000
00276nam a2200109 a 4500
005
20140414093830.0
008
030527s19uu xx 00 eng d
050
_a
VHS 900
_b
R 38
245
_a
Lupang hinirang (June 14, 2002 Version 5 cuts).
942
_c
AVM
999
_c
108643
_d
108643